000 00626pam a2200229 a 4500
001 3856551
005 20171218101330.0
008 880810s1989 ilu b s001 0 eng
010 _a 88026100
020 _a0252016092 (alk. paper)
040 _aDLC
_cDLC
_dDLC
041 _aeng
043 _an-us---
080 _a342.73029 CAR
082 0 0 _a342.73029 CAR
_219
100 1 _a14
101 _aJUR
245 1 4 _aThe Federalist :
_cGeorge W. Carey.
504 _aIncludes bibliographies and index.
906 _a7
_bcbc
_corignew
_d1
_eocip
_f19
_gy-gencatlg
942 _2ddc
_cBK
999 _c39130
_d39130